000 00580nam a2200181Ia 4500
008 100920s9999 xx 000 0 und d
082 _b25390
_a28 व 891,43 थ 70
100 _a---
245 _aराबिनहुड.
260 _bशिक्षा भारती, कश्मीरी गेट, दिल्ली,6.
_c1970
300 _a106
_bसाधी
365 _b2
520 _aबा.वि.हिंदी.
630 _aराबिनहुड.
650 _aबा.वि.हिंदी.
730 _aराबिनहुड.
942 _cBOOK
999 _c683272
_d683269